000 00533nam a2200169 i 4500
001 30814
003 ES-MaACL
005 20230906154247.0
007 t|
008 030127s1963 sp ||||1| spa d
100 1 _aBartolomé López, Manuel.
_926171
245 1 0 _aRutas comerciales de España /
_cpor Manuel Bartolomé López ; prólogo de F. Estrada Saladich.
260 _aBarcelona :
_bQuiris,
_c[1963]
300 _a428 p., 42 lám. ;
_c21 cm.
700 1 _aEstrada Saladich, F.
_948227
852 _aES-MaACL
_jC-24869
_bR.38320
999 _c30814
_d30814